| 000 | 02196nkm0a2200445 4500 | ||
|---|---|---|---|
| 001 | RU\NLR\BIBL_A\022690037 | ||
| 005 | 20260408142906.0 | ||
| 035 | _a(NLR Aleph) 022690037 | ||
| 090 |
_a13540122 _c13540122 |
||
| 100 | _a20260201 rusy50 | ||
| 101 | 0 | _arus | |
| 102 | _aRU | ||
| 116 | _aiiycxx bf ad | ||
| 135 | _acrcn 024anaba | ||
| 181 | 0 |
_ab4 _bxb2e |
|
| 182 | 0 | _an | |
| 200 | 1 |
_aСледы черной руки _eпохождения знаменитого сыщика Виллиям-Чарпс _eдрама в 5 частях _eCinema Eclair, Paris _e[плакат] |
|
| 203 |
_aИзображение _bнеподвижное _bдвухмерное _bвизуальное _cнепосредственное |
||
| 210 |
_aМосква _cТипо-литография Евгения Патриарка _d[1914 или 1915] |
||
| 215 |
_a1 л. _cцв. литограф. _d106,1х71,2 |
||
| 300 | _aНа л. внизу фабр. марка фр. кинокомпании "Cinema Eclair, Paris" | ||
| 325 | _aКопия доступна в Электрон. б-ке РНБ | ||
| 606 | 1 |
_aКиноплакат русский _z1914 - 1919 _92405409 _3RU\NLR\AUTH\6601653010 |
|
| 610 | 0 | _aЛадони | |
| 686 | 1 | _aЩ153(2Р=Рус)53-465 | |
| 711 | 0 | 2 |
_aCinema Eclair, киностудия _cParis _4570 |
| 712 | 0 | 0 |
_4610 _aПатриарка, _gЕвгений, _hтиполитография _cМосква _3RU\NLR\AUTH\880631520 _92678707 |
| 830 | _aДатир. по https://web.archive.org/web/20140714234906/http://airscnew.it/cnt/immagine/immagine21new.pdf , стр. 13 (17.12.2025. Коробкина Т. Б.) | ||
| 852 | 0 | 0 |
_aNLR _bЭ _jАфИс900-II/С472 _mинв.155230 |
| 852 | 0 | 0 |
_aNLR _bЭ _jАфИс900-II/С472 |
| 856 | 0 | _uhttps://vivaldi.nlr.ru/la700001404/view | |
| 856 | 1 | _uhttps://vivaldi.nlr.ru/la700001404/cover | |
| 856 | 2 | _uhttps://vivaldi.nlr.ru/la700001404/text | |
| 942 | _cVISUAL | ||
| 980 | _aNB | ||
| 981 | 1 | 7 |
_a(17) Изографические материалы _b(17) Плакаты |